Personnages de Naruto & Boruto - Statistiques

Statistiques générales
  • Ce quiz a été pris 291 fois
    256 depuis la dernière actualisation
  • Le résultat moyen est 92 sur 255
Statistiques - réponses
Hint Réponse % Correct
1 Naruto Uzumaki
99%
3 Sasuke Uchiwa
97%
2 Sakura Haruno
95%
223 Boruto Uzumaki
92%
4 Kakashi Hatake
92%
131 Shi
91%
8 Ino Yamanaka
89%
13 Hinata Hyuga
88%
9 Choji Akimichi
86%
7 Shikamaru Nara
86%
226 Sarada Uchiwa
82%
233 Metal Lee
81%
25 Orochimaru
81%
18 Rock Lee
81%
20 Tsunade Senju
81%
11 Kiba Inuzuka
80%
54 Minato Namikaze
80%
157 Shin (frère de Sai)
80%
5 Sai
79%
74 Itachi Uchiwa
78%
16 Neji Hyuga
78%
17 Tenten
78%
81 Gaara (5ème Kazekage)
77%
65 Tobirama Senju
77%
10 Asuma Sarutobi
75%
19 Gai Maito
75%
63 Hashirama Senju
75%
24 Jiraya
75%
66 Hiruzen Sarutobi
74%
69 Obito Uchiwa
74%
82 Temari no Sabaku
74%
211 Kurama (Kyubi)
73%
227 Mitsuki
73%
14 Shino Aburame
73%
38 Konohamaru Sarutobi
72%
15 Kurenai Yuhi
72%
229 Inojin Yamanaka
71%
68 Madara Uchiwa
71%
117 Kin Tsuchi
69%
230 Chocho Akimichi
68%
77 Deidara
67%
73 Konan
67%
53 Kushina Uzumaki
67%
228 Shikadai Nara
67%
6 Yamato (Tenzo)
67%
199 Han
66%
70 Les 6 Pains (Gakidô, Chikushodô, Shuradô, Jigokudô, Ningendô, Tendô)
65%
217 Kaguya Otsutsuki
65%
83 Kankuro no Sabaku
65%
75 Kisame Hoshigaki
65%
71 Nagato Uzumaki
65%
76 Sasori
65%
22 Dan kato
64%
202 Fuu
63%
155 Fu Yamanaka
63%
224 Himawari Uzumaki
63%
26 Kabuto Yakushi
63%
78 Hidan
62%
79 Kakuzu
62%
225 Kawaki
61%
12 Akamaru
60%
111 Karin Uzumaki
59%
154 Danzo Shimura
58%
110 Suigetsu Hozuki
58%
136 Killer Bee
57%
244 Momoshiki Otsutsuki
57%
59 Shisui Uchiwa
56%
104 Zabuza Momochi
56%
80 Zetsu (Noir & Blanc)
56%
50 Hana Inuzuka
54%
37 Iruka Umino
54%
112 Jugo
54%
93 Mei Terumi
53%
43 Rin Nohara
53%
44 Shikaku Nara
53%
218 Hagoromo Otsutsuki
52%
105 Haku
52%
141 Onoki (3ème Tsuchikage)
51%
130 Darui (5ème Raikage)
50%
42 Hanabi Hyuga
50%
203 Shukaku (Ichibi)
50%
72 Yahiko
50%
206 Son Goku (Yonbi)
49%
46 Choza Akimichi
47%
57 Fugaku Uchiwa
47%
21 Shizune
47%
163 Gama
46%
27 Anko Mitarashi
45%
219 Indra Otsutsuki
45%
133 Karui
45%
231 Iwabe Yuino
44%
39 Moegi Kazamatsuri
44%
40 Udon Ise
44%
45 Inoichi Yamanaka
43%
247 Isshiki Otsutsuki
43%
234 Sumire Kakei
43%
85 Chiyo
42%
164 Gamabunta
42%
204 Matatabi (Nibi)
42%
200 Utakata
42%
94 Ao
41%
232 Denki Kaminarimon
41%
41 Ebisu
41%
248 Jigen
41%
220 Ashura Otsutsuki
40%
254 Code
40%
48 Hiashi Hyuga
40%
64 Mito Uzumaki
40%
146 Mu (2ème Tsuchikage)
40%
134 Omoi
40%
47 Hizashi Hyuga
38%
95 Chojuro
37%
84 Baki
36%
252 Delta
36%
23 Nawaki
36%
186 Hanzo (la Salamandre)
35%
62 Izuna Uchiwa
35%
123 Kimimaro
34%
221 Hamura Otsutsuki
33%
28 Ibiki Morino
33%
142 Kurotsuchi
33%
197 Yagura
33%
209 Chomei (Nanabi)
32%
165 Gamakichi
32%
132 Samui
32%
192 Dai Maito
30%
210 Gyuki (Hachibi)
30%
196 Yugito Nii
30%
205 Isobu (Sanbi)
29%
118 Jirobo
29%
245 Kinshiki Otsutsuki
29%
207 Kokuo (Gobi)
29%
151 Rasa (4ème Kazekage)
29%
208 Saiken (Rokubi)
29%
120 Sakon
29%
122 Tayuya
29%
235 Wasabi Izuno
29%
246 Urashiki Otsutsuki
28%
255 Amado
27%
30 Genma Shiranui
27%
193 Sakumo Hatake
27%
58 Mikoto Uchiwa
26%
236 Namida Suzumeno
26%
181 Pakkun
26%
198 Roshi
26%
222 Toneri Otsutsuki
26%
121 Ukon
26%
143 Akatsuchi
25%
240 Shinki
25%
253 Boro
23%
166 Gamatatsu
23%
32 Hayate Gekko
23%
251 Kashin koji
23%
34 Kotetsu Hagane
23%
212 Juubi
22%
243 Kagura Karatachi
22%
187 Mifune
22%
51 Shibi Aburame
22%
35 Izumo Kamizuki
21%
177 Katsuyu
21%
36 Mizuki
21%
156 Torune Aburame
21%
29 Aoba Yamashiro
20%
174 Fukasaku
20%
106 Gato
20%
147 Gengetsu Hozuki
20%
119 Kidomaru
20%
109 Mangetsu Hozuki
20%
179 Aoda
19%
60 Kagami Uchiwa
18%
108 Inari
16%
169 Gamamaru
15%
124 Guren
15%
61 Izumi Uchiwa
15%
178 Manda
15%
237 Tsubaki Kurogane
15%
115 Dosu Kinuta
14%
168 Gamaken
13%
189 Teuchi
13%
116 Zaku Abumi
13%
103 Juzo Biwa
12%
159 Koharu Utatane
12%
91 | 162 Pakura
12%
175 Shima
12%
49 Tsume Inuzuka
12%
249 Victor
12%
190 Ayame
11%
153 Byakuren
11%
86 Ebizo
11%
182 Enma
11%
167 Gamahiro
11%
238 Hoki Taketori
11%
158 Homura Mitokado
11%
138 Motoi
11%
107 Tazuna
11%
140 Mabui
10%
96 Ameyuri Ringo
9%
67 Biwako
9%
214 Butsuma Senju
9%
250 Deepa
9%
216 Itama Senju
9%
31 Raido Namiashi
9%
148 Reto (1er Kazekage)
9%
213 Tajima Uchiwa
9%
113 Yoroi Akado
9%
125 Yukimaru
9%
101 Fuguki Suikazan
8%
145 | 161 Gari
8%
201 Hotaru
8%
215 Kawarama Senju
8%
149 Shamon (2ème Kazekage)
8%
89 Yashamaru
8%
33 Yugao
8%
152 Ishikawa
7%
97 Raiga Kurosuki
7%
241 Yodo
7%
128 A (3ème Raikage)
6%
129 A (4ème Raikage)
6%
188 Ashina Uzumaki
6%
135 Atsui
6%
195 Bunpuku
6%
139 Dodai
6%
100 Jinpachi Munashi
6%
90 Karura
6%
144 Kitsuchi
6%
55 Kizashi Haruno
6%
173 Gerotora
5%
99 Jinin Akebino
5%
176 Kosuke
5%
88 Matsuri
5%
56 Mebuki Haruno
5%
52 Muta Aburame
5%
126 A (1er Raikage)
4%
127 A (2ème Raikage)
4%
242 Araya
4%
137 Blue B
4%
170 Gamariki
4%
102 Kushimaru Kuriarare
4%
92 Maki
4%
194 Shinku Yuhi
4%
150 3ème Kazekage
3%
114 Misumi Tsurugi
3%
191 Shiho
3%
160 Chukichi
2%
172 Gamaden
2%
171 Gamagoro
2%
183 Kamatari
2%
185 Kyodaigumo
2%
239 Mugino
2%
98 Ranmaru
2%
87 Yura
2%
180 Hakuja Sennin
1%
184 Ibuse
1%
Aucun quiz correspondant
Distribution des résultats
% des personnes avec chaque résultat
Percentile par nombre de réponses
Votre historique - résultats
Vous n’avez pas pris ce quiz depuis la dernière actualisation